00769nam a22002417a 450000100060000000300080000600500170001400800410003102000180007203500190009004000260010904100080013508200210014310000170016424500980018125000200027926000680029930000660036750000330043365000190046665000240048570000180050975285BD-RjUL20211209082652.0190211r20161974ii a|||| |||| 001 0 eng d a9788121924429 a(BD-RjUL)75503 aBD-RjULbengcBD-RjUL aeng a571.66bVEC 2016 aVerma, P.S.  aCell biology, genetics, molecular biology, evolution and ecology /cP.S. Verma, V.K. Agarwal. aMulticolour ed. aNew Delhi : bS. Chand & Company Ltd.,cc1974 [Reprinted 2016]. avarious pagenation :b illustrations (chiefly color) ;c24 cm aDates of publication varies. aCytology.  aMolecular biology.  aAgarwal, V.K.